| 000 | 00783nam a2200241Ia 4500 | ||
|---|---|---|---|
| 003 | OSt | ||
| 005 | 20221006165134.0 | ||
| 006 | a|||||r|||| 00| 0 | ||
| 007 | ta | ||
| 008 | 221006b |||||||| |||| 00| 0 hin d | ||
| 024 | _a7,555 | ||
| 037 | _cTheseses | ||
| 040 |
_aFML _cFML _bhin |
||
| 041 |
_2hin _ahin |
||
| 100 |
_aVinod Kumar Au. _9545943 |
||
| 110 | _aDelhi University. Faculty of Music and Fine Arts. Department of Music | ||
| 245 | 0 | _aShashtriya Sangeet Ki Kalatmak Sudridhta Ki Drishti Se Pramukh Shaikshanik Sansthaon Main Gharanedar Sangeetagyon Ki Sarghakta | |
| 260 | _c1998 | ||
| 300 |
_a231 _ccm. |
||
| 700 | _aDelhi University. Faculty of Music and Fine Arts. Department of Music | ||
| 942 |
_cDIS _2CC |
||
| 999 |
_c1119745 _d1119745 |
||